ARRUPE JESUIT UNIVERSITY

CORONAVIRUS -STOP THE SPREAD - CLEAN,DISINFECT,COVER

Akan Learner's dictionary: (Record no. 123905)

MARC details
000 -LEADER
fixed length control field 00514nam a22001577a 4500
008 - FIXED-LENGTH DATA ELEMENTS--GENERAL INFORMATION
fixed length control field 151218b xxu||||| |||| 00| 0 eng d
020 ## - INTERNATIONAL STANDARD BOOK NUMBER
International Standard Book Number 9781479305490
050 ## - LIBRARY OF CONGRESS CALL NUMBER
Classification number PL 8046.A634 K19
100 ## - MAIN ENTRY--PERSONAL NAME
Personal name Kasahorow
9 (RLIN) 21396
245 ## - TITLE STATEMENT
Title Akan Learner's dictionary:
Remainder of title Akan-English, English-Akan
Statement of responsibility, etc / Kasahorow
260 ## - PUBLICATION, DISTRIBUTION, ETC. (IMPRINT)
Place of publication, distribution, etc Accra
Name of publisher, distributor, etc Private
Date of publication, distribution, etc 2015
300 ## - PHYSICAL DESCRIPTION
Extent xxxiii, 133p.
Dimensions 21cm
650 ## - SUBJECT ADDED ENTRY--TOPICAL TERM
Topical term or geographic name as entry element Akan language
General subdivision Dictionaries
-- English
9 (RLIN) 21397
650 ## - SUBJECT ADDED ENTRY--TOPICAL TERM
Topical term or geographic name as entry element English language
General subdivision Dictionaries
-- Akan
9 (RLIN) 21398
942 ## - ADDED ENTRY ELEMENTS (KOHA)
Source of classification or shelving scheme Library of Congress Classification
Item type Monograph ( Printed materials)
Holdings
Withdrawn status Lost status Source of classification or shelving scheme Damaged status Not for loan Home library Current library Date acquired Total Checkouts Full call number Barcode Date last seen Price effective from Koha item type
    Library of Congress Classification     ARRUPE LIBRARY ARRUPE LIBRARY 18/12/2015   PL 8046.A634 K19 46500005961 29/03/2019 18/12/2015 Monograph ( Printed materials)

 

Arrupe Library. PO Box MP320 Mt Pleasant, Harare, Zimbabwe
263 242 745411|librarian@aju.ac.zw